MDQL
is popping MORE tags! Check the
thread
!
Quizzes
Events
Quiz Creation
Community
Videos
Private Events
Remove Ads
Sign In
Join for FREE
Feedback
Dark Mode
Quiz Categories
Sports
Geography
Music
Movies
Television
Just For Fun
Miscellaneous
History
Literature
Language
Science
Gaming
Entertainment
Religion
Holiday
For Kids
Quiz Lab
Recent
Popular Today
Quiz Kudos Today
Editor Picks
Curator Picks
Quizzes by...
Day
Popularity
Type
Ratings
Length
Year
Community
Subscriptions
Recent Discussions
Orange Saloon
Badges
Playlists
Quests
Create
Leaderboards
Showdown
Live 5
Trivia Bingo
Activity
Puzzle Library
Sporcle Events
Private Events
Virtual Trivia
Globe League
Become a Host
Pub Owners
SporcleCon
Opinionation
Our Games
Videos
Blog
Mobile Apps
Partnerships
Remove Ads and Go Orange
Feedback
Television
TV Characters
TV Show
Sitcom
Network
Friends
Reality Shows
Cast
South Park
Star Trek
The Simpsons
Doctor Who
Television
TV Characters
TV Show
Sitcom
Network
Friends
Reality Shows
Cast
South Park
Star Trek
The Simpsons
Doctor Who
Random Quiz
Search Sporcle
×
Quiz Lab
Quiz Lab
Television
Saturday Night Live
Type in answers that appear in a list
Type in answers that appear in a list
Classic
Best Score? Go Orange.
Dead SNL Hosts Stats
Can you name the SNL hosts who are no longer with us?
By
T3canolis
15m
62 Questions
318 Plays
318 Plays
318 Plays
Comments
Comments
Give Quiz Kudos
Give Quiz Kudos
-
- Ratings
hide this ad
More Info
Replay
Link that replays current quiz
Next Quiz
Link to next quiz in quiz playlist
You Got
0%
They Got
Avg Score
36%
Avg Friend Score
Upgrade to see
Score Distribution
Jump to the score distribution portion of the page
Score
0/62
Timer
15:00
0
Plays Today
Hosted
Host
% Correct
10/
11/
75, 11/
10/
84
George Carlin
74.8%
10/
25/
97
Chris Farley
73.6%
3/
25/
89
Mary Tyler Moore
73.2%
2/
11/
84, 11/
22/
86, 1/
23/
88
Robin Williams
70.8%
5/
23/
96, 11/
23/
96
Phil Hartman
70.8%
12/
13/
75
Richard Pryor
61%
3/
25/
78
Christopher Lee
55.6%
1/
24/
76, 1/
25/
86
Dudley Moore
54.4%
11/
16/
02
Brittany Murphy
52.2%
4/
5/
03
Bernie Mac
48.7%
1/
28/
84
Don Rickles
48.5%
4/
19/
80
Strother Martin
47.5%
5/
24/
86
Billy Martin
47.5%
11/
18/
78
Carrie Fisher
47%
4/
14/
79
Milton Berle
46.5%
5/
8/
76, 10/
8/
77, 12/
16/
95
Madeline Kahn
44.7%
2/
21/
76
Desi Arnaz
44%
10/
21/
78
Frank Zappa
43.1%
1/
24/
76
Peter Cook
42.8%
12/
2/
78
Walter Matthau
42.5%
5/
16/
87
Garry Shandling
42.4%
10/
17/
79
Bea Arthur
42.1%
4/
9/
83
Joan Rivers
41.8%
3/
19/
77
Broderick Crawford
40.3%
10/
16/
76, 1/
17/
81
Karen Black
39.9%
10/
27/
90
Patrick Swayze
39.6%
3/
8/
80
Rodney Dangerfield
38.7%
1/
22/
77
Ruth Gordon
38.4%
2/
25/
84, 5/
12/
84
Edwin Newman
38.1%
11/
15/
86
Sam Kinison
38.1%
1/
9/
99
Bill Paxton
37.9%
Hosted
Host
% Correct
2/
17/
79
Ricky Nelson
37.4%
1/
24/
87
Walter Payton
36.8%
12/
17/
77
Miskel Spillman
36.5%
12/
10/
83
Flip Wilson
36.2%
2/
28/
76, 3/
18/
78
Jill Clayburgh
35.5%
4/
17/
82
Johnny Cash
34.6%
12/
22/
79
Ted Knight
34%
10/
22/
83
John Candy
33.6%
3/
28/
87, 12/
4/
93
Charlton Heston
33.6%
2/
14/
76
Peter Boyle
33.3%
2/
6/
82
James Coburn
33%
10/
20/
90
George Steinbrenner
32.4%
11/
12/
77
Ray Charles
31.1%
5/
14/
83, 5/
12/
84
Ed Koch
29.9%
3/
13/
76
Anthony Perkins
29.6%
5/
19/
79
Maureen Stapleton
28.9%
1/
19/
85
Roy Scheider
28.9%
4/
13/
85
Howard Cosell
28.3%
4/
14/
84
George McGovern
27.4%
2/
5/
83
Sid Caesar
27%
2/
19/
89
Leslie Nielsen
24.8%
10/
31/
81
Donald Pleasence
23.9%
10/
8/
83
Brandon Tartikoff
21.7%
2/
2/
85
Alex Karras
21.1%
5/
23/
87, 11/
17/
90
Dennis Hopper
18.6%
4/
6/
85
Christopher Reeve
17%
11/
14/
87
Robert Mitchum
14.5%
12/
20/
80
David Carradine
12.6%
1/
10/
81
Ray Sharkey
10.7%
3/
20/
82
Robert Urich
9.4%
4/
24/
82
Robert Culp
8.2%
Quiz Playlist
Details
Report
Send in Message
Add To Playlist
More Info:
As of 7/26/17
Classic:
Type in answers that appear in a list
Last Updated: Jul 26, 2017
Quiz Scoreboard
CHALLENGE
Sign Up to Join the Scoreboard
Show All
Scores
Hide
Comments
May contain spoilers
Recently Published
Holiday 10x10 Sorting Gallery
by lukepisani3
Holiday
15m
Two Season TV Shows II
by 123Four
Television
10m
Image Sorting: Flags VI
by Barbecue
Geography
2m
More to Explore
Quiz From the Vault
Featured Blog Post
14 Easter Pick-up Lines to Find Eggs With
hide this ad
You Might Also Like...
Tags
dead
Dead Celebrities
host
Saturday Night Live
snl
SNL Hosts
Today's Top Quizzes in Television
Browse Television
hide this ad
Today's Top Quizzes in Saturday Night Live
Browse Saturday Night Live
Top Contributed Quizzes in Television
1
Survivor Journey Challenge
2
Even More Two Season TV Shows
3
Adjectives in 00s TV Shows
4
Brooklyn Nine Nine Logic Puzzle (How-To-Play)
5
Adjectives in 10s TV Shows
6
Click the SpongeBob Episodes (Season 3)
7
Even More Three Season TV Shows
8
Survivor Logic Puzzle: Heroes vs. Villains
9
Total Drama Characters
10
Survivor Heroes vs. Villains Logic Puzzle
Explore More
Trending Topics
Kpop
Marvel
Harry Potter
Disney
Anime
NBA
Crossword
Song
Pokémon
The Office
WWE
Puzzle
NFL
Soccer
Country
hide this ad
More By:
T3canolis
Quiz
Plays
Rating
Category
Featured
Created
Academy Award Acting Nominees (2010s)
3,193
4.67
Movies
Jan 14, 2015
Parks and Recreation Minor Characters (slideshow)
2,190
4.68
Television
Jan 14, 2015
NBA Player by Mugshot
2,095
3.69
Sports
Jun 5, 2015
Parks and Recreation Cast Photo
1,988
4.71
Television
Jan 23, 2015
NFL Player by Mugshot
1,791
5.00
Sports
Jun 5, 2015
Go to Creator's Profile
Score Distribution
Quiz Creator Spotlight
T3canolis
Follow
Send a Message
Quizzes Created
-
Created Quiz Play Count
-
More By This Creator
Popular Quizzes Today
1
Find the US States - No Outlines Minefield
2
Colored Red Africa Blitz
3
Find the 'City' Movie
4
The Countries of the World
5
5x2 Blitz: Bands
6
Find the Countries of Europe - No Outlines Minefield
7
Find the US States
8
US States
More Television Quizzes
Match the Spin-off to the Original Series
Editor's Pick
Trending Quizzes
Colored Red Europe Blitz I
Colored Red Africa Blitz II
Colored Red Europe Blitz II
Even More Two Season TV Shows
Colored Red Africa Blitz III
Recently Updated
Odd Team Out - Big 4 Players
pecheneg
Quick Pick: 20 Twenties
pecheneg
March Madness Men's Triple Doubles
pecheneg
How Do You Spell That?
pecheneg
Godzilla Movies
pecheneg
Grab Bag: 4-10 Letters
pecheneg
2024 March Madness Bracket
pecheneg
Famous TV Couples
Peacemaker
Champions League XIs: Real Madrid
pecheneg
Largest US Cities 1790-2010
pecheneg
Trending Topics
Kpop
Crossword
Marvel
Disney
Anime
Harry Potter
NBA
Song
The Office
Soccer
WWE
Pokémon
Puzzle
Country
NFL
Your Account Isn't Verified!
In order to create a playlist on Sporcle, you need to verify the email address you used during registration. Go to your
Sporcle Settings
to finish the process.
Report this User
Report this user for behavior that violates our
Community Guidelines
.
Details:
Send Report
Go to the Sporcle.com Mobile Site →
Comments